000 00341nam a2200145Ia 4500
008 230312s9999||||xx |||||||||||||| ||und||
020 _a0-07-121489-5
082 _a005.74
_bMAN-D
100 _aBaker;Donna
245 0 _aGoogle Tools
260 _bMcgraw Hill
_aBoston
_c2004
300 _a735
650 _aComputer
_vComputer
942 _cBK
999 _c15438
_d15438